000 00496nam a2200181 i 4500
001 bgj
100 1 _aKYBER, Manfred.
245 1 0 _aGesammelte Tiergeschichten :
_bUnter Tieren und Neue Tiergeschichten /
_cManfred Kyber.
260 _aLeipzig :
_bHesse & Becker Verlag,
_c1930.
300 _a314, [1] s. ;
_c19 cm.
650 9 _aPowieść niemiecka
040 _cBPK
041 0 _ager
044 _aDEU
080 _a821.112.2-3
942 _cKS
008 s gw f |000 0 ger
999 _c50036
_d50036
856 _uhttp://koha.tu.koszalin.pl/cgi-bin/koha/opac-detail.pl?biblionumber=50036
_yKatalog online BPK